000 00634nam a2200241Ia 4500
003 OSt
005 20220918230034.0
006 a|||||r|||| 00| 0
007 ta
008 220917b |||||||| |||| 00| 0 eng d
024 _a247,904
037 _cTextual
040 _aARTS
_cARTS
_beng
041 _2eng
_aeng
082 _aX9W:8, L8
100 _aTaimni K K
_9131045
245 0 _aManaging the cooperative enterprise
260 _aCalcitta
_bMinerva Association Pvt.Ltd. India
_c1978
300 _a210p.
_ccm.
650 _aECONOMICS
942 _hX9W:8, L8
_cTEXL
_2CC
999 _c286838
_d286838